000
00265nam a22001097a 4500
082
_a
629.2 SIN'A
100
_a
SINGHAM, J. R
_9
80038
245
_a
AUTOCAR HANDBOOK COMPLETE GUIDE TO THE MODERN CAR
260
_a
LONDON
_b
ILIFFE
_c
1960
300
_a
267P
942
_c
BK
999
_c
585015
_d
585015